000 01793cam a22004217a 4500
003 CHAP
005 20220329142434.0
008 010212d2000 mx rs o00110 spa d
010 _a83478
011 _a84450
020 _a9701329112
035 _a94970
040 _cCHAP
082 0 4 _a338.972
_bI59 1999 Col.
110 2 _aInstituto Nacional de Estadística, Geografía e Informática. México
_959304
245 1 0 _aCuaderno estadístico municipal :
_bColima
_c/por Instituto Nacional de Estadística, Geografía e Informática
260 _aAguascalientes, Ags. :
_bInstituto Nacional de Estadística, Geografía e Informática,
_c2000.
300 _av. :
_bgráfs.
500 _aLa biblioteca tiene : v.1 Colima.--v.2 Comalá.--v.3 Cuauhtemoc.--v.4 Tecomán
590 _aBATCH-UPD
_b10
_c20130110
_lUCH01
_h0038
590 _aBATCH-UPD
_b10
_c20130110
_lUCH01
_h1933
590 _aBATCH-UPD
_b10
_c20130410
_lUCH01
_h1257
590 _aBATCH-UPD
_b10
_c20130914
_lUCH01
_h1008
590 _aCONVERSION
_b10
_c20130109
_lUCH01
_h1346
650 1 4 _aAgricultura
_xEstadisticas
_zColima.
_91450
650 1 4 _aColima
_xCondiciones económicas.
_925159
650 1 4 _aColima
_xCondiciones sociales.
_925161
650 1 4 _aColima
_xEstadísticas.
_925165
650 1 4 _aGanadería
_xEstadísticas
_zColima.
_944709
650 1 4 _aMéxico
_xMunicipios.
_976781
901 _aBK
905 _aLilia Sánchez G.
942 _cLIBRO
949 _a338.972 I59 1999 Col.
_bBC
_cINEGI
_d33724000790630
_eINEGI
_fv.1
_h99673
_i94970
_sb
949 _a338.972 I59 1999 Col.
_bBC
_cINEGI
_d33724000790648
_eINEGI
_fv.3
_h99675
_i94970
_sb
949 _a338.972 I59 1999 Col.
_bBC
_cINEGI
_d33724000790762
_eINEGI
_fv.2
_h99674
_i94970
_sb
949 _a338.972 I59 1999 Col.
_bBC
_cINEGI
_d33724000814406
_eINEGI
_fv.4
_h99676
_i94970
_sb
999 _c83478
_d83478